000
nam a22 7a 4500
999
_c
49280
_d
49280
003
OSt
005
20191113151404.0
008
191113b xxu||||| |||| 00| 0 eng d
040
_c
SERIOSOFT
100
_a
P C TULSIAN
245
_a
BUSINESS LAW
260
_a
NEW DELHI
_b
TMH
_c
2002
300
_a
1826
942
_2
ddc
_c
02